| 000 | 00000nam 2200000zi 4500 |
| 001 | 9.900365 |
| 003 | CaOODSP |
| 005 | 20221107175400 |
| 006 | m o d f |
| 007 | cr ||||||||||| |
| 008 | 210602t20212021oncab ob f000 0 eng d |
| 020 | |a9780660391137 |
| 040 | |aCaOODSP|beng|erda|cCaOODSP |
| 043 | |an-cnp |
| 086 | 1 |aA42-125/2021E-PDF |
| 245 | 00|aGuide to pest wireworms in Canadian Prairie field crop production. |
| 264 | 1|a[Ottawa] : |bAgriculture and Agri-Food Canada = Agriculture et agroalimentaire Canada, |c2021. |
| 264 | 4|c©2021 |
| 300 | |a1 online resource (iii, 77 pages) : |bcolour illustrations, colour maps |
| 336 | |atext|btxt|2rdacontent |
| 337 | |acomputer|bc|2rdamedia |
| 338 | |aonline resource|bcr|2rdacarrier |
| 500 | |aIssued also in French under title: Guide sur les vers fil-de-fer nuisibles aux cultures dans les Prairies canadiennes. |
| 504 | |aIncludes bibliographical references (pages 67-77). |
| 650 | 0|aWireworms|zPrairie Provinces. |
| 650 | 0|aWireworms|xControl|zPrairie Provinces. |
| 650 | 0|aAgricultural pests|xControl|zPrairie Provinces. |
| 710 | 1 |aCanada. |bAgriculture and Agri-Food Canada, |eissuing body. |
| 775 | 08|tGuide sur les vers fil-de-fer nuisibles aux cultures dans les Prairies canadiennes.|w(CaOODSP)9.900369 |
| 776 | 0#|tGuide to pest wireworms in Canadian Prairie field crop production.|w(CaOODSP)9.900367 |
| 856 | 40|qPDF|s5.24 MB|uhttps://publications.gc.ca/collections/collection_2021/aac-aafc/A42-125-2021-eng.pdf |
| 986 | |a13074E |